000
00285nam a22001337a 4500
008
260305b ||||| |||| 00| 0 eng d
020
_a
9772336996005
041
_a
eng
080
_a
23.2
100
_a
20.1
101
_a
inf
245
_a
International Conference
942
_2
udc
_c
BK
999
_c
60876
_d
60876